书目信息 |
| 题名: |
建筑废弃物资源化利用新工艺及产业化
|
|
| 作者: | 李文君 , 刘克国 , 陈红英 著 | |
| 分册: | ||
| 出版信息: | 武汉 湖北科学技术出版社 2018.06 |
|
| 页数: | 99页 | |
| 开本: | 26cm | |
| 丛书名: | ||
| 单 册: | ||
| 中图分类: | X799.1 | |
| 科图分类: | ||
| 主题词: | 建筑工业--jian zhu gong ye--废物综合利用 | |
| 电子资源: | ||
| ISBN: | 978-7-5706-0273-5 | |
| 000 | 01097nam0 2200265 450 | |
| 001 | 202019133605 | |
| 005 | 20190921113345.0 | |
| 010 | @a978-7-5706-0273-5@dCNY38.00 | |
| 100 | @a20190918d2018 em y0chiy50 ea | |
| 101 | 0 | @achi |
| 102 | @aCN@b420000 | |
| 105 | @aak a 000yy | |
| 106 | @ar | |
| 200 | 1 | @a建筑废弃物资源化利用新工艺及产业化@Ajian zhu fei qi wu zi yuan hua li yong xin gong yi ji chan ye hua@f李文君, 刘克国, 陈红英著 |
| 210 | @a武汉@c湖北科学技术出版社@d2018.06 | |
| 215 | @a99页@c图@d26cm | |
| 320 | @a有书目 (第97-99页) | |
| 330 | @a本书介绍了建筑废弃物资源化利用项目提出的背景, 研究的依据, 单位概况, 建设的背景及必要性, 市场分析, 产品方案和工业技术方案节能及环境指标分析, 环境效益分析及项目运营期的环保措施, 职业安全卫生健康及消防, 组织结构及人力资源配置, 项目投资情况, 社会效益分析, 工程的应用等。 | |
| 606 | 0 | @a建筑工业@Ajian zhu gong ye@x废物综合利用 |
| 690 | @aX799.1@v5 | |
| 701 | 0 | @a李文君@Ali wen jun@4著 |
| 701 | 0 | @a刘克国@Aliu ke guo@4著 |
| 701 | 0 | @a陈红英@Achen hong ying@4著 |
| 801 | 0 | @aCN@c20190905 |
| 905 | @a河南城建学院图书馆@dX799.1@eL282 | |
| 建筑废弃物资源化利用新工艺及产业化/李文君, 刘克国, 陈红英著.-武汉:湖北科学技术出版社,2018.06 |
| 99页:图;26cm |
| ISBN 978-7-5706-0273-5:CNY38.00 |
| 本书介绍了建筑废弃物资源化利用项目提出的背景, 研究的依据, 单位概况, 建设的背景及必要性, 市场分析, 产品方案和工业技术方案节能及环境指标分析, 环境效益分析及项目运营期的环保措施, 职业安全卫生健康及消防, 组织结构及人力资源配置, 项目投资情况, 社会效益分析, 工程的应用等。 |
| ● |
| 相关链接 |
|
|
|
正题名:建筑废弃物资源化利用新工艺及产业化
索取号:X799.1/L282
 
预约/预借
| 序号 | 登录号 | 条形码 | 馆藏地/架位号 | 状态 | 备注 |
| 1 | 1440802 | 214408023 | 自科库501/501自科库 111排2列3层/ [索取号:X799.1/L282] | 在馆 | |
| 2 | 1440803 | 214408032 | 自科二线504/501自科库 111排2列3层/ [索取号:X799.1/L282] | 在馆 | |
| 3 | 1440804 | 214408041 | 自科二线504/501自科库 111排2列3层/ [索取号:X799.1/L282] | 在馆 | |
| 4 | 1440805 | 214408050 | 自科二线504/501自科库 111排2列3层/ [索取号:X799.1/L282] | 在馆 |